Busiest Air Routes in the World by Scheduled Departures - Statistics

General Stats
  • This quiz has been taken 114 times
  • The average score is 26 of 42
Answer Stats
Destination % Correct
New York
98%
London
96%
Dubai
93%
Beijing
92%
Tokyo
92%
Shanghai
91%
Seoul
89%
Singapore
88%
Bangkok
87%
Hong Kong
87%
Istanbul
87%
Mumbai
87%
Jakarta
86%
Madrid
84%
Rome
84%
Cairo
81%
Kuala Lumpur
81%
Osaka
81%
Amsterdam
79%
Manila
78%
Toronto
78%
Riyadh
76%
Frankfurt am Main
75%
Chicago
73%
Taipei
72%
Dublin
65%
Jeddah
60%
Lisbon
55%
Tehran
54%
Oslo
45%
Orlando
42%
Copenhagen
41%
Fukuoka
41%
Denpasar
40%
Kuwait City
39%
Qingdao
15%
Penang
14%
Da Nang
9%
San Juan
8%
Nha Trang
1%
Saint Jean
0%
Sint Maarten
0%
No matching quizzes found
Score Distribution
Percent of People with Each Score
Percentile by Number Answered
Your Score History
You have not taken this quiz